| 000 | 00434nam a22001697a 4500 | ||
|---|---|---|---|
| 999 |
_c7532 _d7532 |
||
| 003 | GBCCL | ||
| 005 | 20241126110630.0 | ||
| 008 | 180821b ||||| |||| 00| 0 eng d | ||
| 040 | _cgbc | ||
| 082 |
_aVER 220.07 _bKHA |
||
| 100 |
_aKhamkam, G _97297 |
||
| 245 |
_aBible sinsakna poimoh/ _cG Khamkam |
||
| 260 |
_aChurachandpur: _bG Khamkam, _c1993. |
||
| 300 | _a112p. ; | ||
| 650 |
_aBible _vStudy and teaching _99499 |
||
| 942 |
_2ddc _cBK |
||